000
00319nam a22001457a 4500
003
SGT
082
_a
616.024
_b
M16M
100
_a
MATHEW, K. HEORGE
245
_a
MEDICINE PREP MANUAL FOR UG
260
_a
INDIA
_b
ELSEVIER
_c
2016
300
_a
1009
650
_a
HOMOEOPATHIC
653
_a
PREP MANUAL
942
_2
ddc
_c
BK
999
_c
18521
_d
18521